| 000 -ლიდერი |
| ფიქსირებული სიგრძის საკონტროლო ველი |
01967nam a2200301Ia 4500 |
| 001 - საკონტროლო ნომერი |
| საკონტროლო ველი |
23046 |
| 003 - საკონტროლო ნომრის იდენტიფიკატორი |
| საკონტროლო ველი |
GE_BSU |
| 005 - ბოლო ოპერაციის თარიღი და დრო |
| საკონტროლო ველი |
20230629165839.0 |
| 008 - ფიქსირებული სიგრძის მონაცემთა ელემენტები - ზოგადი ინფორმაცია |
| ფიქსირებული სიგრძის საკონტროლო ველი |
181216s1959||||ge |||||||||||||| ||geo|| |
| 040 ## - კატალოგიზაციის წყარო |
| Transcribing agency |
GE_BSU |
| 041 ## - ენის კოდი |
| Language code of text/sound track or separate title |
geo |
| 080 ## - უნივერსალური ათობითი კლასიფიკაციის ინდექსი |
| Universal Decimal Classification number |
821.133.1-31 ბ-21 |
| 100 ## - მთავარი ჩანაწერი - პიროვნების სახელი |
| Personal name |
ბალზაკი, ონორე დე, 1799-1850 |
| 9 (RLIN) |
16126 |
| 245 ## - ცნობა სათაურის შესახებ |
| Title |
ვენდეტა ; პიერ გრასუ ; წითელი სასტუმრო ; უცხო შედევრი ; ეჟენი გრანდე ; მამა გორიო / |
| Statement of responsibility, etc |
ონორე დე ბალზაკი ; მთარგმნ. : თ. ქიქოძე, რ. დოდაშვილი, ბ. თევზაძე, თ. ქიქოძე, ა. ცაგარელი და კ. ჯავრიშვილი ; გ. გაჩეჩილაძის შესავალი წერილით. |
| 264 ## - წარმოების, გამოცემის, დისტრიბუციის და სხვა ცნობები |
| გამოცემის, წარმოების, დისტრიბუციის... ადგილი |
თბილისი : |
| გამოცემის, წარმოების, დისტრიბუციის... სახელწოდება |
საბჭ. მწერალი, |
| გამოცემის, წარმოების, დისტრიბუციის... თარიღი |
1959. |
| 300 ## - ფიზიკური აღწერა |
| Extent |
697 გვ. ; |
| Dimensions |
21 სმ. |
| 500 ## - ზოგადი შენიშვნა |
| General note |
დანართი : შენიშვნები გვ. 687-96 |
| 653 ## - INDEX TERM--UNCONTROLLED |
| Uncontrolled term |
ვენდეტა ; პიერ გრასუ ; წითელი სასტუმრო ; უცხო შედევრი ; ეჟენი გრანდე ; მამა გორიო |
| 653 ## - INDEX TERM--UNCONTROLLED |
| Uncontrolled term |
მხატვრული ლიტერატურა |
| 700 ## - ADDED ENTRY--PERSONAL NAME |
| Personal name |
ქიქოძე, თ. |
| Relator term |
მთარგმნელი |
| 9 (RLIN) |
19082 |
| 700 ## - ADDED ENTRY--PERSONAL NAME |
| Personal name |
დოდაშვილი, რ. |
| Relator term |
მთარგმნელი |
| 9 (RLIN) |
16227 |
| 700 ## - ADDED ENTRY--PERSONAL NAME |
| Personal name |
თევზაძე, რ. |
| Relator term |
მთარგმნელი |
| 9 (RLIN) |
19083 |
| 700 ## - ADDED ENTRY--PERSONAL NAME |
| Personal name |
ქიქოძე, თ. |
| Relator term |
მთარგმნელი |
| 9 (RLIN) |
19082 |
| 700 ## - ADDED ENTRY--PERSONAL NAME |
| Personal name |
ცაგარელი, ა. |
| Relator term |
მთარგმნელი |
| 9 (RLIN) |
19084 |
| 700 ## - ADDED ENTRY--PERSONAL NAME |
| Personal name |
ჯავრიშვილი, კ. |
| Relator term |
მთარგმნელი |
| 9 (RLIN) |
1980 |
| 942 ## - ADDED ENTRY ELEMENTS (KOHA) |
| Koha item type |
წიგნი |
| Source of classification or shelving scheme |
|